MARC

LEADER 00000nam0a2200000 4500
001 317490
005 20231102002959.0
020 |a RU  |b 82-27348 
035 |a (RuTPU)RU\TPU\book\342958 
090 |a 317490 
100 |a 20160408d1982 m y0rusy5003 ca 
101 0 |a rus 
102 |a UA 
105 |a a z 001zy 
200 1 |a Полупроводниковая радиоэлектроника  |f Ю. Н. Ронжин 
210 |a Киев  |c Радянська школа  |d 1982 
215 |a 144 с.  |c ил. 
225 1 |a Юному технику 
320 |a Библиогр.: с. 139 
606 1 |a Полупроводниковые приборы  |2 stltpush  |3 (RuTPU)RU\TPU\subj\50669  |9 69320 
610 1 |a радиоэлектронные схемы 
610 1 |a резисторы 
610 1 |a конденсаторы 
610 1 |a транзисторы 
610 1 |a тиристоры 
610 1 |a электрические цепи 
610 1 |a радиоэлектронные устройства 
610 1 |a источники питания 
610 1 |a детекторные приемники 
675 |a 621.382  |z rus  |v 3 
700 1 |a Ронжин  |b Ю. Н.  |g Юрий Николаевич  |4 070 
801 0 |a RU  |b RuMRKP  |c 19950704  |g psbo 
801 1 |a RU  |b 63413507  |c 20160408 
801 2 |a RU  |b 63413507  |c 20191203  |g RCR 
942 |c BK